Saint-Pétersbourg - Choix Multiples - Statistiques

Statistiques générales
  • Ce quiz a été pris 2 269 fois
  • Le résultat moyen est 7 sur 10
Statistiques - réponses
Question Réponse % Correct
En quelle année se déroule la révolution bolchévique, dont la ville était l'épicentre ? 1917
86%
Pour quels drôles d'objets luxueux le joaillier Pierre-Karl Fabergé est-il célèbre ? Des œufs
86%
Quel mastodonte russe, basé dans la ville, possède aujourd'hui le club de football du Zénith Saint-Pétersbourg ? Gazprom
81%
Comment s'appelait la ville sous l'Union Soviétique ? Léningrad
76%
Dans lequel de ces palais se trouve l'Ermitage, l'un des plus grands musées d'art au monde ? Palais d'Hiver
69%
Pour quelle raison reçoit-elle le titre de « ville héroïque » en 1945 ? Elle a résisté au siège le plus meurtier de l'Histoire
66%
Quel souverain a fondé la ville ? Pierre Ier
57%
Qu'est-ce que l'Aurore à Saint-Pétersbourg ? Un navire de guerre devenu musée
52%
Quel poète et écrivain russe a abondamment écrit sur la ville et y est décédé lors d'un duel en 1837 ? Alexandre Pouchkine
51%
Sur le delta de quel fleuve a été fondée Saint-Pétersbourg ? Neva
51%
Aucun quiz correspondant
Distribution des résultats
% des personnes avec chaque résultat
Percentile par nombre de réponses
Votre historique - résultats
Vous n’avez pas pris ce quiz